000 00249nam a2200097Ia 4500
008 170619s9999 xx 000 0 und d
100 _aGHOSAL- ASHIVATA
245 0 _aROBOTIC: FUNDAMENTAL CONCEPT AND ANALYSIS
260 _bNEW DELHI; OXFORD
260 _c2007
546 _aENGLISH
999 _c18484
_d18484